[Event "Kreis-Mitte-EM"]
[Site "Zirndorf"]
[Date "2012.01.07"]
[Round "5.13"]
[White "Berntgen, Henri"]
[Black "Siegl, Adrian"]
[Result "1/2-1/2"]
[WhiteElo "1451"]
[BlackElo "1476"]
[PlyCount "90"]
[EventDate "2012.??.??"]
[WhiteTeam "SW Nürnberg Süd"]
[BlackTeam "SW Nürnberg Süd"]

1. c4 c5 2. Nc3 Nc6 3. g3 g6 4. Bg2 Bg7 5. Nf3 Nf6 6. O-O O-O 7. d3 d6 8. a3
Bd7 9. Qc2 Qc8 10. Rb1 Bh3 11. b4 Bxg2 12. Kxg2 cxb4 13. axb4 a5 14. bxa5 Rxa5
15. Rb5 Rxb5 16. Nxb5 d5 17. Na3 dxc4 18. Qxc4 e6 19. Bb2 Ne7 20. Qb5 Qc6 21.
Qb3 Ned5 22. Rc1 Qb6 23. Qxb6 Nxb6 24. Nc4 Nxc4 25. Rxc4 Nd5 26. Bxg7 Kxg7 27.
e4 Nf6 28. Rc7 b5 29. Rb7 b4 30. Rxb4 Rd8 31. Ne5 Nd7 32. Nxd7 Rxd7 33. d4 f5
34. f3 Kf6 35. Kf2 g5 36. Ke3 Ra7 37. Rb2 Ra3+ 38. Ke2 Ra4 39. Rd2 Ra3 40. exf5
Kxf5 41. d5 exd5 42. Rxd5+ Kg6 43. Rd6+ Kg7 44. h4 gxh4 45. gxh4 Ra4 1/2-1/2

[Event "Kreis-Mitte-EM"]
[Site "Zirndorf"]
[Date "2012.01.07"]
[Round "5.14"]
[White "Schilay, Lorenz"]
[Black "Schlötterer, Hermann"]
[Result "0-1"]
[WhiteElo "1413"]
[BlackElo "1795"]
[PlyCount "114"]
[EventDate "2012.??.??"]
[WhiteTeam "SK Neumarkt"]
[BlackTeam "SC N-T Nürnberg"]

1. e4 d5 2. exd5 Qxd5 3. Nc3 Qa5 4. Nf3 Nf6 5. d3 Bg4 6. Be2 e6 7. Bd2 Qb6 8.
Rb1 Be7 9. O-O O-O 10. Be3 c5 11. b4 Qc7 12. bxc5 Bxc5 13. Bxc5 Qxc5 14. Qd2 b6
15. Rb5 Qd6 16. h3 Bh5 17. Rg5 Nc6 18. Rg3 Rac8 19. Qg5 Bg6 20. Ne4 Nxe4 21.
dxe4 f6 22. Qb5 Bxe4 23. Qa4 Qb4 24. Qb3 Bd5 25. Qb1 Qxb1 26. Rxb1 Bxa2 27. Ra1
Bd5 28. Bb5 Na5 29. Nd4 g6 30. h4 Kf7 31. Nb3 Rxc2 32. Nxa5 bxa5 33. Rxa5 Ra2
34. Rxa2 Bxa2 35. Ra3 Bd5 36. Rxa7+ Kg8 37. Bd3 Rf7 38. Rxf7 Kxf7 39. h5 gxh5
40. Bxh7 f5 41. g3 Kg7 42. Bxf5 exf5 43. Kh2 Bf3 44. Kh3 Kg6 45. Kh4 Kh6 46.
Kh3 Kg5 47. Kh2 Kg4 48. Kg1 Kh3 49. Kf1 Kh2 50. Ke1 Kg1 51. Kd2 Kxf2 52. Kd3
Kxg3 53. Kd2 Bb7 54. Ke1 f4 55. Kf1 f3 56. Kg1 f2+ 57. Kf1 Ba6# 0-1

[Event "Kreis-Mitte-EM"]
[Site "Zirndorf"]
[Date "2012.01.07"]
[Round "5.15"]
[White "Berntgen, Michael"]
[Black "Semenova, Alisa"]
[Result "0-1"]
[WhiteElo "1502"]
[BlackElo "1310"]
[PlyCount "56"]
[EventDate "2012.??.??"]
[WhiteTeam "SW Nürnberg Süd"]
[BlackTeam "SC N-T Nürnberg"]

1. e4 c5 2. Nc3 Nc6 3. f4 g6 4. Nf3 Bg7 5. Bb5 d6 6. Bxc6+ bxc6 7. O-O e6 8.
Qe1 Ne7 9. d3 O-O 10. Qh4 f6 11. f5 exf5 12. Bh6 Bxh6 13. Qxh6 Be6 14. Rae1 Qd7
15. b3 Rab8 16. Ne2 g5 17. Nd2 Rf7 18. Rf2 Rbf8 19. Ref1 d5 20. exf5 Nxf5 21.
Qh3 Nh4 22. Qg3 d4 23. Ne4 Nf5 24. Qh3 Ne3 25. Qh6 Ng4 26. Nxf6+ Rxf6 27. Rxf6
Rxf6 28. Rxf6 Nxh6 0-1

[Event "Kreis-Mitte-EM"]
[Site "Zirndorf"]
[Date "2012.01.07"]
[Round "5.16"]
[White "Dreiseitel, Werner"]
[Black "Röckl, Adelbert"]
[Result "0-1"]
[WhiteElo "1494"]
[BlackElo "1548"]
[PlyCount "50"]
[EventDate "2012.??.??"]
[WhiteTeam "SC N-T Nürnberg"]
[BlackTeam "Zabo-Eintracht N."]

1. d4 Nf6 2. c4 b6 3. Nc3 Bb7 4. Bf4 e6 5. e3 Bb4 6. a3 Bxc3+ 7. bxc3 O-O 8.
Nf3 c5 9. Bd3 d5 10. O-O dxc4 11. Bxc4 Nbd7 12. Bd6 Re8 13. Rb1 Ne4 14. dxc5
Nxc3 15. Qc2 Nxb1 16. Qxb1 Bxf3 17. gxf3 Qg5+ 18. Kh1 Nxc5 19. Rg1 Qf5 20. Qa1
Qxf3+ 21. Rg2 g6 22. Bf4 Rad8 23. Bb5 Rd1+ 24. Qxd1 Qxd1+ 25. Rg1 Qd5+ 0-1

[Event "Kreis-Mitte-EM"]
[Site "Zirndorf"]
[Date "2012.01.07"]
[Round "5.17"]
[White "Männer, Tamina"]
[Black "Hansen, Roland"]
[Result "0-1"]
[WhiteElo "986"]
[BlackElo "1502"]
[PlyCount "40"]
[EventDate "2012.??.??"]
[WhiteTeam "SC N-T Nürnberg"]
[BlackTeam "SK Schwabach 07"]

1. e4 e5 2. Nf3 Nf6 3. Nc3 Nc6 4. Bc4 Nxe4 5. Nd5 Bc5 6. O-O O-O 7. d3 Nd6 8.
Bg5 f6 9. Nxf6+ Kh8 10. Nd5 Qe8 11. Nxc7 Qg6 12. Nxa8 Ne8 13. Re1 d6 14. Bb5 h6
15. Bxc6 bxc6 16. Bd8 Bh3 17. g3 Bg4 18. Kg2 Bxf3+ 19. Qxf3 Rxf3 20. Kxf3 Qf5+
0-1

[Event "Kreis-Mitte-EM"]
[Site "Zirndorf"]
[Date "2012.01.07"]
[Round "5.18"]
[White "Schilay, Eva"]
[Black "Thoma, Dirk"]
[Result "0-1"]
[WhiteElo "1100"]
[BlackElo "1468"]
[PlyCount "132"]
[EventDate "2012.??.??"]
[WhiteTeam "SK Neumarkt"]
[BlackTeam "SC N-T Nürnberg"]

1. e4 c5 2. Nc3 Nc6 3. Nf3 a6 4. Bc4 b5 5. Be2 e6 6. d3 g6 7. Be3 d6 8. d4 cxd4
9. Nxd4 Nxd4 10. Bxd4 e5 11. Be3 Bb7 12. Nd5 Nf6 13. Nxf6+ Qxf6 14. f3 Be7 15.
Qd2 O-O 16. h4 Rfd8 17. Bg5 Qe6 18. Bh6 d5 19. h5 dxe4 20. Qe3 Rac8 21. c3 f5
22. hxg6 Qxg6 23. f4 Bc5 24. Qh3 exf4 25. Bxf4 Bd6 26. Be3 Bg3+ 27. Bf2 Bxf2+
28. Kxf2 Rf8 29. Bh5 Qg7 30. Rhg1 Rcd8 31. Ke2 Rd3 32. Qh4 Rfd8 33. Rad1 Rxd1
34. Rxd1 Qxg2+ 35. Qf2 Qxf2+ 36. Kxf2 Rxd1 37. Bxd1 Kg7 38. Ke3 Kf6 39. Kf4 Bd5
40. a3 Bf7 41. Be2 h6 42. b4 h5 43. Bf1 h4 44. Bh3 Bg6 45. Bg2 Bh5 46. Bh3 Bg4
47. Bxg4 fxg4 48. Kxe4 Kg5 49. Ke3 h3 50. Kf2 Kf4 51. Kg1 g3 52. Kh1 Ke4 53.
Kg1 Kd3 54. Kf1 Kxc3 55. Kg1 Kb3 56. Kf1 Kxa3 57. Kg1 Kxb4 58. Kf1 a5 59. Kg1
a4 60. Kf1 a3 61. Kg1 a2 62. Kf1 a1=Q+ 63. Ke2 Qc3 64. Kd1 Qb2 65. Ke1 h2 66.
Kf1 h1=R# 0-1

[Event "Kreis-Mitte-EM"]
[Site "Zirndorf"]
[Date "2012.01.07"]
[Round "5.19"]
[White "Ratscheu, Stefan"]
[Black "Dreiseitel, Ursula"]
[Result "1-0"]
[WhiteElo "1459"]
[BlackElo "1358"]
[PlyCount "71"]
[EventDate "2012.??.??"]
[WhiteTeam "SC Postbauer-Heng"]
[BlackTeam "SC N-T Nürnberg"]

1. e4 d6 2. Nc3 Nf6 3. d4 g6 4. Nf3 Bg7 5. Be2 O-O 6. O-O a6 7. Bf4 c5 8. d5
Nbd7 9. a4 Nh5 10. Bd2 Re8 11. Bc4 Nf8 12. Re1 e6 13. Rb1 exd5 14. Bxd5 Ne6 15.
Ne2 Rb8 16. Bc3 Nf6 17. Bxe6 Bxe6 18. Ng3 b5 19. axb5 axb5 20. b3 Bc8 21. e5
dxe5 22. Qxd8 Rxd8 23. Bxe5 Rb7 24. Rbd1 Rbd7 25. Rxd7 Bxd7 26. h3 Be6 27. Ng5
Bd5 28. Rd1 Rd7 29. Bxf6 Bxf6 30. N5e4 Be7 31. Nc3 Bc6 32. Rxd7 Bxd7 33. Nd5
Bf8 34. Nf6+ Kg7 35. Nxd7 Be7 36. Ne4 1-0

[Event "Kreis-Mitte-EM"]
[Site "Zirndorf"]
[Date "2012.01.08"]
[Round "6.1"]
[White "Rausch, Wolfgang jr"]
[Black "Saathoff, Richard"]
[Result "1-0"]
[WhiteElo "2005"]
[BlackElo "2109"]
[PlyCount "71"]
[EventDate "2012.??.??"]
[WhiteTeam "SC N-T Nürnberg"]
[BlackTeam "SW Nürnberg Süd"]

1. d4 Nf6 2. Bg5 c5 3. d5 Qb6 4. Nc3 Qxb2 5. Bd2 Qb6 6. e4 e5 7. Rb1 Qc7 8. f4
d6 9. fxe5 dxe5 10. Qf3 a6 11. a4 Bg4 12. Qg3 Nbd7 13. Be2 Bh5 14. Bxh5 Nxh5
15. Qh3 Nf4 16. Qf3 Bd6 17. h4 g6 18. g3 Nh5 19. Nh3 f6 20. Bh6 O-O-O 21. O-O
Rhg8 22. g4 Ng7 23. Kh1 Rdf8 24. Qe2 Qd8 25. Rb3 f5 26. Ng5 fxg4 27. Rfb1 Nh5
28. Qc4 Rf4 29. Rxb7 Qa5 30. Ra7 Nb8 31. Qb3 Qb4 32. Ne6 Rf3 33. Qxb4 cxb4 34.
Ne2 Rf2 35. Rxb4 Rxe2 36. Rc4+ 1-0

[Event "Kreis-Mitte-EM"]
[Site "Zirndorf"]
[Date "2012.01.08"]
[Round "6.2"]
[White "Wagner, Hans"]
[Black "Lais, Thomas"]
[Result "0-1"]
[WhiteElo "2096"]
[BlackElo "1959"]
[PlyCount "50"]
[EventDate "2012.??.??"]
[WhiteTeam "SC Stein"]
[BlackTeam "SW Nürnberg Süd"]

1. d4 Nf6 2. c4 g6 3. Nc3 d5 4. Bf4 Bg7 5. e3 O-O 6. Rc1 c6 7. Qb3 Qa5 8. Nf3
Nbd7 9. cxd5 Nxd5 10. Bg3 N7b6 11. Nd2 Be6 12. Nxd5 Bxd5 13. Qc3 Qxc3 14. bxc3
c5 15. c4 Bc6 16. d5 Bd7 17. Be2 e6 18. Bf3 exd5 19. cxd5 c4 20. O-O Bb2 21.
Rc2 c3 22. Ne4 Bf5 23. Nf6+ Kg7 24. Be5 Bxc2 25. Nh5+ Kg8 0-1

[Event "Kreis-Mitte-EM"]
[Site "Zirndorf"]
[Date "2012.01.08"]
[Round "6.3"]
[White "Erlbeck, Peter"]
[Black "Thürauf, Peter"]
[Result "1-0"]
[WhiteElo "2025"]
[BlackElo "1826"]
[PlyCount "81"]
[EventDate "2012.??.??"]
[WhiteTeam "SW Nürnberg Süd"]
[BlackTeam "SW Nürnberg Süd"]

1. e4 c5 2. Nc3 Nc6 3. f4 e6 4. Nf3 d6 5. Bb5 Nge7 6. O-O g6 7. d4 cxd4 8. Qxd4
Qb6 9. Qxb6 axb6 10. Be3 Bd7 11. Bxb6 Bg7 12. Rfd1 Nc8 13. Bf2 O-O 14. a4 Be8
15. Rd2 Nb4 16. e5 Bxb5 17. Nxb5 Rd8 18. c3 Nd5 19. exd6 Ra6 20. g3 Nxd6 21.
Nxd6 Raxd6 22. a5 Rc8 23. Ra4 Ra6 24. c4 Nf6 25. Bb6 Ne4 26. Rc2 Bf8 27. b4 Nd6
28. c5 Nb5 29. Ra1 Raa8 30. Rd1 Na3 31. Rcd2 Nc4 32. Rd7 Nxb6 33. axb6 Ra4 34.
Rb1 Rxb4 35. Rxb4 Bxc5+ 36. Kg2 Bxb4 37. Rxb7 Bd6 38. Rd7 Bb8 39. Ng5 Rf8 40.
Ne4 Rc8 41. b7 1-0

[Event "Kreis-Mitte-EM"]
[Site "Zirndorf"]
[Date "2012.01.08"]
[Round "6.4"]
[White "Siegl, Melina"]
[Black "Diehl, Achim"]
[Result "1/2-1/2"]
[WhiteElo "1692"]
[BlackElo "1959"]
[PlyCount "66"]
[EventDate "2012.??.??"]
[WhiteTeam "SW Nürnberg Süd"]
[BlackTeam "SW Nürnberg Süd"]

1. e4 c5 2. Nf3 d6 3. d4 cxd4 4. Nxd4 Nf6 5. Nc3 a6 6. Be3 Ng4 7. Bg5 h6 8. Bh4
g5 9. Bg3 Bg7 10. Qd2 Nc6 11. Nb3 Be6 12. f3 Nge5 13. Nd5 Nd7 14. c3 a5 15. Bf2
a4 16. Nd4 Bxd5 17. exd5 Nxd4 18. Bxd4 Kf8 19. Bxg7+ Kxg7 20. h4 f6 21. hxg5
hxg5 22. Rxh8 Qxh8 23. O-O-O Qh4 24. Qe3 Ne5 25. Qb6 a3 26. b3 Qf4+ 27. Kc2
Qf5+ 28. Bd3 Qd7 29. Bb5 Qf5+ 30. Bd3 Qc8 31. Bb5 Nd7 32. Qe3 Ne5 33. Qb6 Qf5+
1/2-1/2

[Event "Kreis-Mitte-EM"]
[Site "Zirndorf"]
[Date "2012.01.08"]
[Round "6.5"]
[White "Luther, Helmut"]
[Black "Leis, Stefan"]
[Result "1-0"]
[WhiteElo "1913"]
[BlackElo "1873"]
[PlyCount "53"]
[EventDate "2012.??.??"]
[WhiteTeam "SW Nürnberg Süd"]
[BlackTeam "SC Mühlhof-R'dorf"]

1. Nf3 g6 2. d4 f5 3. h4 Nf6 4. h5 Nxh5 5. Rxh5 gxh5 6. e4 d6 7. Ng5 Bg7 8.
Qxh5+ Kd7 9. Ne6 Qg8 10. d5 Na6 11. Qxf5 Ke8 12. Qh5+ Kd7 13. Qf5 Bf6 14. g3
Ke8 15. Bb5+ Bd7 16. Nxc7+ Nxc7 17. Qxd7+ Kf7 18. Qxc7 Qg4 19. Bd3 Rac8 20. Qa5
Qf3 21. Nd2 Qg2 22. Nf1 Bd4 23. Qd2 Rhf8 24. c3 Bg7 25. Rb1 Kg8 26. Qe2 Qg1 27.
Be3 1-0

[Event "Kreis-Mitte-EM"]
[Site "Zirndorf"]
[Date "2012.01.08"]
[Round "6.6"]
[White "Babichev, Vyacheslav"]
[Black "Ahlich, Thomas"]
[Result "1-0"]
[WhiteElo "1689"]
[BlackElo "1762"]
[PlyCount "103"]
[EventDate "2012.??.??"]
[WhiteTeam "SW Nürnberg Süd"]
[BlackTeam "Zabo-Eintracht N."]

1. b3 e5 2. Bb2 Nc6 3. e3 f5 4. Bb5 d6 5. d4 exd4 6. Bxd4 Bd7 7. Bb2 Nf6 8. Nc3
a6 9. Be2 Be6 10. Nf3 Qe7 11. Ng5 Bg8 12. Bf3 h6 13. Bxc6+ bxc6 14. Nf3 Be6 15.
Nd4 Bd7 16. Qf3 Ne4 17. Nxf5 Ng5 18. Qh5+ Qf7 19. Qxf7+ Kxf7 20. Ng3 d5 21.
O-O-O Bd6 22. f4 Nh7 23. h3 Rhe8 24. Rd3 Re7 25. Kb1 Rae8 26. Nd1 a5 27. a4 Nf6
28. Rf1 Bc8 29. Rf2 Ne4 30. Nxe4 Rxe4 31. Rd4 R4e7 32. Bc3 Bc5 33. Rdd2 Bb6 34.
Be5 g6 35. g4 Bb7 36. c3 c5 37. c4 c6 38. Ka2 Rxe5 39. fxe5+ Kg7 40. Rf3 Rxe5
41. Rdf2 Re7 42. Nc3 Bc7 43. e4 d4 44. Nd1 Bc8 45. Kb1 Bd7 46. Kc2 Be8 47. Kd3
Rf7 48. Rxf7+ Bxf7 49. Nb2 Bd6 50. Ke2 Kf8 51. Nd3 g5 52. e5 1-0

[Event "Kreis-Mitte-EM"]
[Site "Zirndorf"]
[Date "2012.01.08"]
[Round "6.7"]
[White "Walch, Roger"]
[Black "Bolten, Daniel"]
[Result "0-1"]
[WhiteElo "1652"]
[BlackElo "1889"]
[PlyCount "70"]
[EventDate "2012.??.??"]
[WhiteTeam "SW Nürnberg Süd"]
[BlackTeam "SW Nürnberg Süd"]

1. e4 e6 2. d4 c5 3. c3 d5 4. Nd2 Nc6 5. Ngf3 a6 6. Bd3 cxd4 7. exd5 dxc3 8.
bxc3 Qxd5 9. Qe2 Nf6 10. O-O Be7 11. Nc4 Qd8 12. Be3 Nd5 13. Bd2 Bf6 14. Nce5
Nxe5 15. Nxe5 Qc7 16. f4 Nxc3 17. Qf2 Nd5 18. Rab1 O-O 19. Rfc1 Qd8 20. Qf3 g6
21. g4 Bxe5 22. fxe5 f6 23. Bh6 Rf7 24. Bxg6 hxg6 25. Qd3 f5 26. gxf5 exf5 27.
Qg3 Kh7 28. Bg5 Qh8 29. Rc5 Be6 30. Rc4 f4 31. Bxf4 Nxf4 32. Rxf4 Rxf4 33. Qxf4
Qg7 34. Rb6 Qe7 35. Qe4 Qc5+ 0-1

[Event "Kreis-Mitte-EM"]
[Site "Zirndorf"]
[Date "2012.01.08"]
[Round "6.8"]
[White "Meulner, Fabian"]
[Black "Dietrich, Thomas"]
[Result "1-0"]
[WhiteElo "1675"]
[BlackElo "1524"]
[PlyCount "113"]
[EventDate "2012.??.??"]
[WhiteTeam "SW Nürnberg Süd"]
[BlackTeam "SC Anderssen Nbg."]

1. Nf3 d5 2. g3 b6 3. Bg2 Bb7 4. O-O e6 5. c4 Nf6 6. d4 h6 7. Nc3 Nbd7 8. Qa4
dxc4 9. Ne5 Bxg2 10. Kxg2 a6 11. Nc6 Qc8 12. Kg1 b5 13. Qc2 Bd6 14. e4 Qb7 15.
Na5 Qb6 16. Nxc4 bxc4 17. e5 Qxd4 18. exf6 Nxf6 19. Rd1 Qg4 20. Be3 Qh3 21. f3
Bxg3 22. hxg3 Qxg3+ 23. Qg2 Qxg2+ 24. Kxg2 Rb8 25. Rab1 O-O 26. Bf4 Rb7 27. Be5
Rfb8 28. Rd2 Kh7 29. Kh3 Ne8 30. Ne4 f6 31. Bc3 Rb5 32. Rd4 Nd6 33. Nxd6 cxd6
34. Rxd6 Rd5 35. Rxe6 Rd3 36. Rf1 Ra8 37. Re7 Rd6 38. Rg1 Rg8 39. Rg4 Rc6 40.
a3 Kh8 41. Kg3 Kh7 42. Kf2 Kh8 43. Ke2 Kh7 44. Kd2 h5 45. Rd4 Kh6 46. Bb4 g5
47. Kc3 Rgc8 48. Rdd7 h4 49. Kd4 Kg6 50. Ke4 f5+ 51. Ke5 Rg8 52. Bd6 Rh8 53.
Re6+ Kh5 54. Kxf5 c3 55. Rg7 h3 56. Rxg5+ Kh4 57. Bg3# 1-0

[Event "Kreis-Mitte-EM"]
[Site "Zirndorf"]
[Date "2012.01.08"]
[Round "6.9"]
[White "Schlötterer, Hermann"]
[Black "Münzenberg, Dietrich"]
[Result "1-0"]
[WhiteElo "1795"]
[BlackElo "1596"]
[PlyCount "167"]
[EventDate "2012.??.??"]
[WhiteTeam "SC N-T Nürnberg"]
[BlackTeam "Zabo-Eintracht N."]

1. d4 f5 2. g3 Nf6 3. Bg2 d5 4. Nh3 e6 5. O-O Bd6 6. Nd2 O-O 7. Nf3 Nbd7 8. Nf4
Qe8 9. c4 c6 10. Ng5 Nb8 11. Qb3 h6 12. Nf3 Nbd7 13. h4 Kh7 14. Qc2 Rg8 15. Bh3
g6 16. Bd2 Ne4 17. Be3 g5 18. hxg5 hxg5 19. Nxe6 g4 20. Nfg5+ Kh8 21. Bxg4 fxg4
22. Kg2 Nxg5 23. Nxg5 Rxg5 24. Bxg5 Qe4+ 25. Qxe4 dxe4 26. Rh1+ Kg7 27. c5 Bf8
28. Bh6+ Kf7 29. Bxf8 Nxf8 30. Rh6 Bf5 31. e3 Ne6 32. b4 a6 33. a4 Rg8 34. b5
Kg7 35. Rhh1 Ra8 36. Rhb1 Nd8 37. bxc6 bxc6 38. Rb6 Kf7 39. Rh1 Ke7 40. Rhb1
Kd7 41. Rh1 Kc7 42. Rh5 Be6 43. Rh7+ Nf7 44. Rg7 a5 45. Rg6 Bd7 46. Rb1 Rh8 47.
Rh1 Rxh1 48. Kxh1 Nd8 49. Kg1 Be6 50. Rg7+ Nf7 51. Kf1 Kd7 52. Ke1 Ke7 53. Kd2
Kf8 54. Rg6 Ke7 55. Kc3 Nd8 56. Rg7+ Nf7 57. Rh7 Kd7 58. Rh1 Kc7 59. Rb1 Bc8
60. Rb6 Bb7 61. d5 cxd5 62. Ra6 Ne5 63. Rxa5 Nc6 64. Rb5 Ba6 65. Rb6 Be2 66.
Rb2 Bc4 67. Rb1 Ne5 68. Ra1 Nd3 69. Kd4 Bb3 70. a5 Kc6 71. a6 Bc4 72. Rh1 Nb4
73. Rh6+ Kc7 74. Rh7+ Kb8 75. Rg7 Nc6+ 76. Kc3 Bxa6 77. Rxg4 Be2 78. Rg5 Bc4
79. Rf5 Ne7 80. Rf7 Nc6 81. g4 Kc8 82. g5 Kd8 83. g6 Ne7 84. g7 1-0

[Event "Kreis-Mitte-EM"]
[Site "Zirndorf"]
[Date "2012.01.08"]
[Round "6.10"]
[White "Schanz, Karlheinz"]
[Black "Berntgen, Henri"]
[Result "1/2-1/2"]
[WhiteElo "1782"]
[BlackElo "1451"]
[PlyCount "56"]
[EventDate "2012.??.??"]
[WhiteTeam "SC Mühlhof-R'dorf"]
[BlackTeam "SW Nürnberg Süd"]

1. Nf3 Nf6 2. b3 g6 3. Bb2 Bg7 4. c4 b6 5. g3 Bb7 6. Bg2 c5 7. O-O O-O 8. Nc3
e6 9. Qc2 Na6 10. Rad1 d5 11. cxd5 Nb4 12. Qb1 Nbxd5 13. Rfe1 Qe7 14. Nxd5 Bxd5
15. d3 Rfd8 16. Qc2 Rac8 17. Nd2 Qb7 18. Bxd5 Qxd5 19. Qc4 Rc7 20. Qxd5 Nxd5
21. Bxg7 Kxg7 22. Ne4 Rcd7 23. Rc1 h6 24. Kg2 Ne7 25. f4 Nf5 26. Kf2 Nd4 27.
Nd2 Re7 28. Nf3 Nc6 1/2-1/2

[Event "Kreis-Mitte-EM"]
[Site "Zirndorf"]
[Date "2012.01.08"]
[Round "6.11"]
[White "Nüßlein, Christian"]
[Black "Semenova, Alisa"]
[Result "1-0"]
[WhiteElo "1608"]
[BlackElo "1310"]
[PlyCount "65"]
[EventDate "2012.??.??"]
[WhiteTeam "SG Nürnberg 1978"]
[BlackTeam "SC N-T Nürnberg"]

1. e4 c5 2. Nf3 Nc6 3. d4 cxd4 4. Nxd4 g6 5. Nc3 Bg7 6. Be3 Nf6 7. f3 O-O 8.
Qd2 d5 9. Nxc6 bxc6 10. O-O-O Be6 11. exd5 cxd5 12. Kb1 Qd7 13. Bh6 Bxh6 14.
Qxh6 Qb7 15. Rd4 Rab8 16. b3 Kh8 17. h4 Rg8 18. Bd3 Qd7 19. h5 Bf5 20. Be4 e6
21. g4 Bxe4 22. Nxe4 Qe7 23. Nxf6 Qxf6 24. Rf4 Qg7 25. Qxg7+ Rxg7 26. h6 Rgg8
27. Rxf7 Ra8 28. Re1 Rge8 29. Re5 a5 30. Rf6 Ra7 31. Rfxe6 Rxe6 32. Rxe6 Kg8
33. Rd6 1-0

[Event "Kreis-Mitte-EM"]
[Site "Zirndorf"]
[Date "2012.01.08"]
[Round "6.12"]
[White "Röckl, Adelbert"]
[Black "Berg, Winfried"]
[Result "0-1"]
[WhiteElo "1548"]
[BlackElo "1596"]
[PlyCount "54"]
[EventDate "2012.??.??"]
[WhiteTeam "Zabo-Eintracht N."]
[BlackTeam "SW Nürnberg Süd"]

1. c4 e6 2. b3 Be7 3. Bb2 Nf6 4. Nf3 O-O 5. e3 c5 6. Be2 Nc6 7. O-O d5 8. cxd5
exd5 9. d4 Bf5 10. a3 Rc8 11. Nbd2 Ne4 12. dxc5 Nxc5 13. b4 Ne6 14. Rc1 Bf6 15.
Bxf6 Qxf6 16. Qb3 d4 17. e4 Nf4 18. Bc4 Be6 19. e5 Nxe5 20. Nxe5 Qxe5 21. Rfe1
Bxc4 22. Rxe5 Bxb3 23. Rxc8 Rxc8 24. Nxb3 Ne6 25. f4 Nxf4 26. Nxd4 Rc1+ 27. Kf2
Nd3+ 0-1

[Event "Kreis-Mitte-EM"]
[Site "Zirndorf"]
[Date "2012.01.08"]
[Round "6.13"]
[White "Siegl, Adrian"]
[Black "Weißmann, Peter"]
[Result "1/2-1/2"]
[WhiteElo "1476"]
[BlackElo "1762"]
[PlyCount "35"]
[EventDate "2012.??.??"]
[WhiteTeam "SW Nürnberg Süd"]
[BlackTeam "SK Zirndorf"]

1. e4 c5 2. Nf3 Nc6 3. d4 cxd4 4. Nxd4 Nf6 5. Nc3 e5 6. Ndb5 d6 7. Nd5 Nxd5 8.
exd5 Ne7 9. c4 Ng6 10. Bd3 f5 11. O-O a6 12. Nc3 Be7 13. Be3 O-O 14. f3 Bd7 15.
Qb3 Qc8 16. Rae1 Bd8 17. Qb4 Be7 18. Qb3 1/2-1/2

[Event "Kreis-Mitte-EM"]
[Site "Zirndorf"]
[Date "2012.01.08"]
[Round "6.14"]
[White "Thoma, Dirk"]
[Black "Hansen, Roland"]
[Result "1-0"]
[WhiteElo "1468"]
[BlackElo "1502"]
[PlyCount "121"]
[EventDate "2012.??.??"]
[WhiteTeam "SC N-T Nürnberg"]
[BlackTeam "SK Schwabach 07"]

1. d4 d5 2. Nf3 Nf6 3. c4 e6 4. Bg5 Nbd7 5. e3 c6 6. a3 Be7 7. Nbd2 O-O 8. Bd3
c5 9. O-O cxd4 10. exd4 h6 11. Bh4 Bd6 12. Re1 Qc7 13. Rc1 Qd8 14. Bb1 b6 15.
cxd5 exd5 16. Ne5 Re8 17. Ndf3 Bb7 18. Nxd7 Rxe1+ 19. Qxe1 Qxd7 20. Bxf6 gxf6
21. Qd2 Qg4 22. Qxh6 Qg7 23. Qxg7+ Kxg7 24. Bd3 Re8 25. g3 Bc8 26. Kg2 Bg4 27.
h3 Bd7 28. Nh4 Rc8 29. Rxc8 Bxc8 30. Bf5 Ba6 31. Bc2 Bc8 32. f4 b5 33. Bb3 Bb7
34. Nf5+ Kf8 35. Nxd6 Bc6 36. Nf5 a5 37. Ne3 Bd7 38. Bxd5 Bc8 39. Bc6 b4 40.
axb4 axb4 41. Nd5 b3 42. Nxf6 Ke7 43. Ne4 Be6 44. d5 Bf5 45. Nc5 Kd6 46. Nxb3
Be4+ 47. Kf2 Bh7 48. Ke3 Bb1 49. Kd4 Bh7 50. Nd2 Bg6 51. Nc4+ Ke7 52. b4 Kd8
53. Ne5 Bf5 54. g4 Bc8 55. Nxf7+ Ke7 56. Ne5 Kd6 57. b5 Ke7 58. b6 Kd6 59. Nc4+
Ke7 60. b7 Bxb7 61. Bxb7 1-0

[Event "Kreis-Mitte-EM"]
[Site "Zirndorf"]
[Date "2012.01.08"]
[Round "6.15"]
[White "Ehmer, Marty"]
[Black "Ratscheu, Stefan"]
[Result "1-0"]
[WhiteElo "1502"]
[BlackElo "1459"]
[PlyCount "69"]
[EventDate "2012.??.??"]
[WhiteTeam "SW Nürnberg Süd"]
[BlackTeam "SC Postbauer-Heng"]

1. e4 e5 2. Nf3 Nc6 3. Bb5 a6 4. Bxc6 bxc6 5. O-O d6 6. d4 Bg4 7. dxe5 Bxf3 8.
Qxf3 dxe5 9. Rd1 Bd6 10. Nd2 Qf6 11. Qc3 Ne7 12. Nf3 h6 13. Be3 O-O 14. Bc5
Rfd8 15. Rd3 Ng6 16. Rad1 Nf4 17. R3d2 Qe7 18. Bxd6 Rxd6 19. Qxe5 Qxe5 20. Nxe5
Rxd2 21. Rxd2 Re8 22. Nxc6 Rxe4 23. f3 Rc4 24. Ne5 Rd4 25. Rxd4 Ne2+ 26. Kf2
Nxd4 27. c3 Ne6 28. Ke3 Kf8 29. Nd7+ Ke7 30. Nb8 Nc5 31. b4 Na4 32. Kd4 Kd6 33.
Nxa6 Nb6 34. Nc5 c6 35. a4 1-0

[Event "Kreis-Mitte-EM"]
[Site "Zirndorf"]
[Date "2012.01.08"]
[Round "6.17"]
[White "Schilay, Lorenz"]
[Black "Dreiseitel, Werner"]
[Result "1/2-1/2"]
[WhiteElo "1413"]
[BlackElo "1494"]
[PlyCount "74"]
[EventDate "2012.??.??"]
[WhiteTeam "SK Neumarkt"]
[BlackTeam "SC N-T Nürnberg"]

1. e4 c6 2. d4 d5 3. e5 Bf5 4. Bd3 Bg6 5. Nf3 e6 6. Bxg6 hxg6 7. Be3 Ne7 8. Qd3
Nd7 9. Nbd2 a5 10. c4 b6 11. Ke2 f6 12. cxd5 cxd5 13. Qb5 Nf5 14. Qc6 Kf7 15.
Rac1 Bb4 16. g4 Ne7 17. Qb5 Rc8 18. Qd3 Rc7 19. Rc2 Qb8 20. Rhc1 Rhc8 21. Nf1
Rxc2+ 22. Rxc2 Rxc2+ 23. Qxc2 Qc8 24. Qxc8 Nxc8 25. Bf4 a4 26. Bd2 Bxd2 27.
N1xd2 b5 28. b3 a3 29. Kd3 b4 30. g5 f5 31. Ne1 Na7 32. Nc2 Nc6 33. Ke3 Ndb8
34. Nf3 Na6 35. Nfe1 Nc7 36. Nd3 Nb5 37. Ndxb4 Nbxd4 1/2-1/2

[Event "Kreis-Mitte-EM"]
[Site "Zirndorf"]
[Date "2012.01.08"]
[Round "6.18"]
[White "Dreiseitel, Ursula"]
[Black "Männer, Tamina"]
[Result "0-1"]
[WhiteElo "1358"]
[BlackElo "986"]
[PlyCount "174"]
[EventDate "2012.??.??"]
[WhiteTeam "SC N-T Nürnberg"]
[BlackTeam "SC N-T Nürnberg"]

1. d4 d5 2. Nf3 Nf6 3. Bg5 h6 4. Bh4 g5 5. Bg3 Bf5 6. e3 a6 7. c4 e6 8. Nc3 Bg4
9. Qa4+ Nc6 10. Ne5 Bb4 11. Nxc6 Bxc3+ 12. bxc3 Qd7 13. Be5 Qxc6 14. Qxc6+ bxc6
15. Bxf6 Rg8 16. Rb1 Rg6 17. Be5 Kd7 18. Rb7 Rc8 19. Bd3 Bf5 20. Be2 Be4 21. f3
Bc2 22. Kd2 Ba4 23. Rhb1 dxc4 24. R1b4 Bb5 25. a4 a5 26. Rb2 Bxa4 27. Bxc4 h5
28. h3 g4 29. Bd3 Rgg8 30. Bh7 Rgf8 31. h4 f6 32. Bg3 Rf7 33. Bd3 Rg7 34. f4 f5
35. Ra7 c5 36. Rxa5 Bc6 37. Rxc5 Bxg2 38. Ba6 Ra8 39. Bc4 Ra1 40. Ra2 Rh1 41.
Ra7 Kd6 42. Bb5 Rh3 43. Ra6+ c6 44. Bxc6 Bxc6 45. Raxc6+ Ke7 46. Rc7+ Kf6 47.
Rxg7 Kxg7 48. Be1 g3 49. Bxg3 Rxg3 50. Ra5 Rh3 51. Ra1 Rxh4 52. Rg1+ Kf7 53. c4
Ke7 54. c5 Rh2+ 55. Kd3 h4 56. Ra1 h3 57. c6 Kd8 58. e4 Rg2 59. exf5 exf5 60.
d5 h2 61. Rh1 Kc7 62. Kd4 Kd6 63. Kc4 Rf2 64. Kb5 Rd2 65. Kc4 Rc2+ 66. Kd3 Rg2
67. Ke3 Kxd5 68. c7 Rc2 69. c8=Q Rxc8 70. Rxh2 Rc3+ 71. Kf2 Ke4 72. Rh4 Rf3+
73. Ke2 Rxf4 74. Rh8 Rg4 75. Re8+ Kf4 76. Kf2 Rh4 77. Kg2 Kg4 78. Rg8+ Kf4 79.
Re8 Rg4+ 80. Kf2 Rg3 81. Ke2 Rg2+ 82. Kf1 Ra2 83. Re7 Kf3 84. Re6 f4 85. Re5
Ra1+ 86. Re1 Rxe1+ 87. Kxe1 Kg2 0-1

[Event "Kreis-Mitte-EM"]
[Site "Zirndorf"]
[Date "2012.01.08"]
[Round "6.19"]
[White "Schilay, Eva"]
[Black "Schilay, Erich"]
[Result "1-0"]
[WhiteElo "1100"]
[BlackElo "799"]
[PlyCount "87"]
[EventDate "2012.??.??"]
[WhiteTeam "SK Neumarkt"]
[BlackTeam "SK Neumarkt"]

1. e4 e5 2. Nf3 Nc6 3. Bc4 Nh6 4. d3 Bd6 5. Bg5 Ne7 6. Nc3 O-O 7. Qd2 c6 8.
Bxh6 g6 9. Bxf8 Qxf8 10. Qe3 b5 11. Bb3 Bb7 12. Ng5 Qg7 13. Nxf7 Kf8 14. Nxd6
Ba6 15. Qf3+ Nf5 16. exf5 g5 17. f6 Qg6 18. Nde4 h6 19. f7 d6 20. Ng3 Rb8 21.
Qh5 Qg7 22. Nf5 Qf6 23. g4 Rb7 24. Nxh6 d5 25. Nxd5 cxd5 26. Bxd5 Rc7 27. Kd2
Qxf2+ 28. Kd1 Qf6 29. Re1 Rd7 30. Bb3 Bb7 31. Rg1 a6 32. Ke2 Qe7 33. Rgf1 a5
34. a3 a4 35. Ba2 Ba6 36. Nf5 Qf6 37. Ng3 Qg7 38. Ne4 Bb7 39. Nxg5 Bd5 40. Bxd5
Rd6 41. Ne6+ Ke7 42. Nxg7 Kf8 43. Nf5 Rd7 44. Qh8# 1-0